01019nam a2200241 a 450000100100000000500170001000800410002702000150006804000250008308200160010824000590012424502680018326000310045130000280048249000410051050000330055150400280058470000260061270000330063870000330067170000320070483000410073600003635020200930075701.0120113s1988 sp a 000 0 spa d a8475921973 aDO-SdBNPbspacBNPHU axxxxbA238a00aGiving cardiovascular drugs safely, 2ª ed.lEspañol00aAdministración de fármacos cardiovasculares /cclinical editor, Barbara McVan ; traducción Antoni Peris ; revisión de la edición española Pilar Vilagrasa y Margarita Peya ; prólogo Pilar Vilagrasa, y Margarita Peya ; prefacio Edith McCarter Randall. aBarcelona :bDoyma,c1988. a189 p. :bil. ;c24 cm.1 aAtención integral en enfermería. aIncluye índice de materias aBibliografía : p. 1891 aMacVan, Barbara,eed.1 aPeris, Antoni,etraducción1 aVilagrasa, Pilar,eedición1 aPeya, Margarita,eedición 0aAtención integral en enfermería.